<?xml version="1.0" encoding="UTF-8" ?>
<collection xmlns="http://www.loc.gov/MARC21/slim"><record><leader>01143nam a2200277 c 4500</leader><controlfield tag="001">165957</controlfield><controlfield tag="003">CH-000273-5</controlfield><controlfield tag="005">20180717085030.0</controlfield><datafield tag="035" ind1=" " ind2=" "><subfield code="a">(OCoLC)938796308</subfield></datafield><datafield tag="040" ind1=" " ind2=" "><subfield code="a">CH-000273-5</subfield><subfield code="b">ger</subfield><subfield code="e">rda</subfield></datafield><datafield tag="041" ind1=" " ind2=" "><subfield code="a">ger</subfield></datafield><datafield tag="100" ind1="1" ind2="0"><subfield code="0">(DE-588)12116537X</subfield><subfield code="a">Janowitz, Hans</subfield><subfield code="d">1890-1954</subfield><subfield code="e">Verfasser</subfield><subfield code="4">aut</subfield></datafield><datafield tag="245" ind1="0" ind2="0"><subfield code="a">Asphaltballaden</subfield><subfield code="c">von Hans Janowitz ; mit 16 Lithographien von Marcel Slodki</subfield></datafield><datafield tag="264" ind1="0" ind2="1"><subfield code="a">Berlin</subfield><subfield code="b">Verlag die Schmiede</subfield><subfield code="c">[1925]</subfield></datafield><datafield tag="300" ind1=" " ind2=" "><subfield code="a">73 Seiten</subfield><subfield code="b">Illustrationen, schwarz-weiss</subfield><subfield code="c">33 cm</subfield></datafield><datafield tag="336" ind1=" " ind2=" "><subfield code="a">Text</subfield><subfield code="b">txt</subfield><subfield code="2">rdacontent</subfield></datafield><datafield tag="336" ind1=" " ind2=" "><subfield code="a">unbewegtes Bild</subfield><subfield code="b">sti</subfield><subfield code="2">rdacontent</subfield></datafield><datafield tag="337" ind1=" " ind2=" "><subfield code="a">ohne Hilfsmittel zu benutzen</subfield><subfield code="b">n</subfield><subfield code="2">rdamedia</subfield></datafield><datafield tag="338" ind1=" " ind2=" "><subfield code="a">Band</subfield><subfield code="b">nc</subfield><subfield code="2">rdacarrier</subfield></datafield><datafield tag="562" ind1=" " ind2=" "><subfield code="a">Von Marcel Slodki signiert</subfield><subfield code="b">Exemplar 38 von 500</subfield></datafield><datafield tag="600" ind1="1" ind2="7"><subfield code="a">Słodki, Marceli</subfield><subfield code="d">1892-1943</subfield><subfield code="x">Lithografie</subfield><subfield code="x">Illustration</subfield><subfield code="2">gnd</subfield></datafield><datafield tag="600" ind1="1" ind2="7"><subfield code="a">Janowitz, Hans</subfield><subfield code="d">1890-1954</subfield><subfield code="x">Ballade</subfield><subfield code="2">gnd</subfield></datafield><datafield tag="610" ind1="2" ind2="7"><subfield code="a">Kunsthaus Zürich</subfield><subfield code="x">Dadaismus</subfield><subfield code="x">Sammlung</subfield><subfield code="2">gnd</subfield></datafield><datafield tag="700" ind1="1" ind2="0"><subfield code="0">(DE-588)1079357386</subfield><subfield code="a">Słodki, Marceli</subfield><subfield code="d">1892-1943</subfield><subfield code="e">Illustrator</subfield><subfield code="4">ill</subfield></datafield><datafield tag="852" ind1="4" ind2="0"><subfield code="a">CH-000273-5</subfield><subfield code="c">DADA I:111</subfield></datafield><datafield tag="856" ind1="4" ind2="1"><subfield code="u">https://digital.kunsthaus.ch:443/viewer/image/165957/1/</subfield><subfield code="y">Kunsthaus Zürich Sammlungen online</subfield></datafield></record></collection>